000 01062cam a2200361 i 4500
001 0000786
003 DO-SdBNP
005 20240403130732.0
007 0000786
008 100514s 2007 sp a | |||| 000 f spa
015 _a
017 _a
_b
020 _a9788420449074
035 _a
040 _aBPMSU
_bspa
_cBPMSU
_e
080 _a
082 4 _a833.91
_b H332b 2007
_222
100 1 _aHärtling, Peter
_d1933-
245 1 0 _aBen quiere a Anna /
_cPeter Härtling ; traducción Víctor Canicio ; ilustraciones Karin Schubert
_h
250 _a38a. ed.
260 _aMadrid :
_bAlfaguara,
_c2007.
300 _a97 p. :
_bil. ;
_c20 m
490 0 _aAlfaguara infantil
521 _aA partir de los 10 años.
534 _pTítulo original.
_tBen liebt Ann.
590 _aInventariado, 2024/VM
650 4 _aCuentos infantiles alemanes
650 4 _aAmor
_vCuentos infantiles
700 1 _aCanicio, Víctor
_etrad.
700 1 _aSchubert, Karin
_eil.
910 _aYLOCKWARD/ VMateo V. Control de calidad. BPMSU
942 _2ddc
_cBK
999 _c11829
_d11829